000 00505nam a2200169 i 4500
001 73802
003 ES-MaACL
005 20240320062531.0
007 t|
008 040913q1923 sp ||||1| spa d
100 1 _aGómez de la Serna, Ramón,
_d1888-1963
_957901
245 1 3 _aEl novelista
_b: novela /
_cRamón Gómez de la Serna.
260 _aValencia :
_b[s.n.,
_c1923?] (
_eSegovia :
_fEl Adelantado de Segovia)
300 _a392 p. ;
_c19 cm.
852 _aES-MaACL
_jF-1603
999 _c73802
_d73802